00681nam a2200145Ia 4500008004100000245026000041260003600301260000900337300000600346650002600352650001200378856005300390999001900443952007300462170516s9999 xx 000 0 und d aPerforming Chest X-Rays at Inspiration in Uncooperative Children: The Effect of Exercises with a Training Program for Radiology Technicians, Heinz-Jakob Langen, Christiane Kohlhauser-Vollmuth, Corinna Sengenberger, Johann Bielmeier, Renate Jocher, and Mar bRadiology Research and Practice c2014 a: xRadiologic Technology xRadtech uhttps://www.hindawi.com/journals/rrp/contents/2/ c332708d332708 001040aCLbCLd2017-05-16l0r2017-05-16 00:00:00w2017-05-16yFOJ